<?xml version="1.0" encoding="UTF-8"?><?xml-stylesheet type="text/xsl" href="static/style.xsl"?><OAI-PMH xmlns="http://www.openarchives.org/OAI/2.0/" xmlns:xsi="http://www.w3.org/2001/XMLSchema-instance" xsi:schemaLocation="http://www.openarchives.org/OAI/2.0/ http://www.openarchives.org/OAI/2.0/OAI-PMH.xsd"><responseDate>2026-04-17T14:09:16Z</responseDate><request verb="GetRecord" identifier="oai:riubu.ubu.es:10259/11521" metadataPrefix="marc">https://riubu.ubu.es/oai/request</request><GetRecord><record><header><identifier>oai:riubu.ubu.es:10259/11521</identifier><datestamp>2026-04-17T00:05:31Z</datestamp><setSpec>com_10259_7072</setSpec><setSpec>com_10259_3812</setSpec><setSpec>com_10259.4_106</setSpec><setSpec>com_10259_2604</setSpec><setSpec>col_10259_7073</setSpec><setSpec>col_10259_10673</setSpec></header><metadata><record xmlns="http://www.loc.gov/MARC21/slim" xmlns:doc="http://www.lyncode.com/xoai" xmlns:xsi="http://www.w3.org/2001/XMLSchema-instance" xmlns:dcterms="http://purl.org/dc/terms/" xsi:schemaLocation="http://www.loc.gov/MARC21/slim http://www.loc.gov/standards/marcxml/schema/MARC21slim.xsd">
<leader>00925njm 22002777a 4500</leader>
<datafield tag="042" ind1=" " ind2=" ">
<subfield code="a">dc</subfield>
</datafield>
<datafield tag="720" ind1=" " ind2=" ">
<subfield code="a">Medina Arnáiz, Teresa</subfield>
<subfield code="e">author</subfield>
</datafield>
<datafield tag="260" ind1=" " ind2=" ">
<subfield code="c">2023</subfield>
</datafield>
<datafield tag="520" ind1=" " ind2=" ">
<subfield code="a">La responsabilidad patrimonial de las Administraciones Públicas es uno de los temas clásicos del Derecho Administrativo. Pero, en los últimos tiempos, ha adquirido particular actualidad, por diversos motivos, entre los que cabe destacar las consecuencias de la pandemia COVID-19 y de diversos daños catastróficos, la reactivación del debate acerca del carácter objetivo de la responsabilidad —alentado, en particular, por la evolución en el tratamiento de los daños sanitarios— o la puesta en entredicho de los términos de la Ley 40/2015 por parte de la jurisdicción europea. El contar con la perspectiva española y portuguesa supone un valor añadido para el análisis de los retos que se presentan hoy en día a la responsabilidad patrimonial de la Administración.</subfield>
</datafield>
<datafield tag="024" ind2=" " ind1="8">
<subfield code="a">978-84-9890-458-1</subfield>
</datafield>
<datafield tag="024" ind2=" " ind1="8">
<subfield code="a">https://hdl.handle.net/10259/11521</subfield>
</datafield>
<datafield tag="245" ind1="0" ind2="0">
<subfield code="a">La responsabilidad patrimonial de la Administración pública: presente y retos</subfield>
</datafield>
</record></metadata></record></GetRecord></OAI-PMH>